| 000 | 00400nam a2200169Ia 4500 | ||
|---|---|---|---|
| 008 | 230524s9999 xx 000 0 und d | ||
| 020 | _a0761993630 | ||
| 082 |
_a658.45 _bVIL |
||
| 100 | _aJ.V.Vilanilam | ||
| 245 | 0 | _aMore Effective Communication | |
| 250 | _a1ST | ||
| 260 |
_aNEW DELHI _bResponse _c2000 |
||
| 300 | _a238 | ||
| 500 | _aQuantity Number: 10 | ||
| 650 | _aEnglish | ||
| 942 | _cBK | ||
| 999 |
_c17649 _d17649 |
||